00491 2200169 4500001002100000008004100021035002000062245006300082110002100145260003900166300001900205020002200224084001700246082001100263650003400274990001300308INLIS000000000000384 ind  a0010-0120000384 aFikihbBuku Guru Madrasah Tsanawiyah VIIcKementrian Agama aKementrian Agama aJakarta :bKementrian Agama,c2014 aviii, 124 hlm. a978-979-8446-64-1 a297.14 FIK f a297.14 aFikih -- Studi dan Pengajaran a21900384